Comparison of introduced and local varietys of corn at royal university of agiculture, ការប្រៀបធៀបពូជពោតនាំចូល និងពូជពោតក្នុងស្រុកនៅក្ន្ងលក្ខណ្ឌសាកលវិទ្យាល័យភូមិន្ទ (Record no. 8075)
[ view plain ]
| 000 -LEADER | |
|---|---|
| fixed length control field | 00718nam a22001577a 4500 |
| 003 - CONTROL NUMBER IDENTIFIER | |
| control field | OSt |
| 005 - DATE AND TIME OF LATEST TRANSACTION | |
| control field | 20160616095308.0 |
| 008 - FIXED-LENGTH DATA ELEMENTS--GENERAL INFORMATION | |
| fixed length control field | 160616b xxu||||| |||| 00| 0 eng d |
| 040 ## - CATALOGING SOURCE | |
| Transcribing agency | RUA |
| 082 ## - DEWEY DECIMAL CLASSIFICATION NUMBER | |
| Classification number | AGR SIM 2014 B475 Or.1 |
| 100 ## - MAIN ENTRY--PERSONAL NAME | |
| 9 (RLIN) | 8429 |
| Personal name | SIM CHANNARY; ស៊ឹម ចាន់ណារី |
| 245 ## - TITLE STATEMENT | |
| Title | Comparison of introduced and local varietys of corn at royal university of agiculture, ការប្រៀបធៀបពូជពោតនាំចូល និងពូជពោតក្នុងស្រុកនៅក្ន្ងលក្ខណ្ឌសាកលវិទ្យាល័យភូមិន្ទ |
| 260 ## - PUBLICATION, DISTRIBUTION, ETC. (IMPRINT) | |
| Place of publication, distribution, etc. | Phnom Penh |
| Name of publisher, distributor, etc. | RUA |
| Date of publication, distribution, etc. | 2014 |
| 300 ## - PHYSICAL DESCRIPTION | |
| Extent | xii,56p. |
| Other physical details | ill. |
| Dimensions | 29cm. |
| 942 ## - ADDED ENTRY ELEMENTS (KOHA) | |
| Source of classification or shelving scheme | |
| Koha item type | AGR |
| Price effective from | Date last seen | Permanent Location | Not for loan | Date acquired | Source of classification or shelving scheme | Koha item type | Lost status | Withdrawn status | Total Renewals | Date last checked out | Total Checkouts | Shelving location | Damaged status | Barcode | Current Location | Full call number |
|---|---|---|---|---|---|---|---|---|---|---|---|---|---|---|---|---|
| 2016-06-16 | 2023-12-26 | Library Block B | 2016-06-16 | AGR | 2023-12-13 | 5 | B475 | RUA059390 | Library Block B | AGR SIM 2014 B475 Or.1 | ||||||
| 2016-06-16 | 2026-05-18 | Library Block B | 2016-06-16 | AGR | 2026-04-23 | 6 | B475 | RUA058762 | Library Block B | AGR SIM 2014 B475 Or.2 | ||||||
| 2016-06-16 | 2018-11-13 | Library Block B | 2016-06-16 | AGR | 2018-10-24 | 1 | B475 | RUA058889 | Library Block B | AGR SIM 2014 B475 Or.3 | ||||||
| 2016-06-16 | 2016-10-17 | Library Block B | 2016-06-16 | AGR | 2016-10-04 | 2 | B475 | RUA058637 | Library Block B | AGR SIM 2014 B475 Or.4 | ||||||
| 2016-06-16 | 2016-12-16 | Library Block B | 2016-06-16 | AGR | 1 | 2016-11-30 | 1 | B475 | RUA058885 | Library Block B | AGR SIM 2014 B475 Or.5 | |||||
| 2016-06-16 | 2016-06-16 | Library Block B | 2016-06-16 | AGR | B475 | RUA059005 | Library Block B | AGR SIM 2014 B475 Or.6 | ||||||||
| 2016-06-16 | 2018-07-11 | Library Block B | 2016-06-16 | AGR | 2018-06-11 | 1 | B475 | RUA058642 | Library Block B | AGR SIM 2014 B475 Or.7 | ||||||
| 2016-06-16 | 2016-06-16 | Library Block B | 2016-06-16 | AGR | B475 | RUA059397 | Library Block B | AGR SIM 2014 B475 Or.8 | ||||||||
| 2017-01-12 | 2024-08-01 | Library Block B | 2017-01-12 | AGR | 2023-12-11 | 2 | RUA059010 | Library Block B | AGR SIM 2014 B475 Or.9 |